Quintessence Lyrics - Darkthrone - Statistics

General Stats
  • This quiz has been taken 7 times
  • The average score is 15 of 19
Answer Stats
Lyrics: % Correct
Eight miles wide the {valley} beyond all hope
100%
Oh, I drank it empty in one {single sip}
100%
(And I only got wet on my {feet})
75%
And that is the eye of {Satan}
75%
Eight miles deep the well forgotten by {mortals}
75%
(Every {night} by myself)
75%
Five million {Christians} on a ride towards us
75%
Five million {woman} so alone in the night
75%
No single {book} were behelden by me
75%
Oh, I filled the whole with one single {fist}
75%
Oh, I had them all satisfied {profusely}
75%
Oh, I slaughtered the bunch with one {single hit}
75%
Oh, I steadily {walked} home
75%
Oh, no {question} I cannot do answer
75%
Only one single lamp do show me this {way}
75%
Ten hungry {waves} they swallowed my ship
75%
{Ten thousand trolls} hard as rock cold as ice
75%
(With my {spear})
75%
Oh, they {ran} when I rose to face them
50%
No matching quizzes found
Score Distribution
Percent of People with Each Score
Percentile by Number Answered
Your Score History
You have not taken this quiz